000
00294nam a2200109Ia 4500
008
230907s9999||||xx |||||||||||||| ||und||
082
_a
621.3102855,APP
100
_a
Knapp, Eric D.
_9
115225
245
0
_a
Applied cyber security and the smart grid :
300
_a
xxii, 202 pages :
942
_c
BK
999
_c
597892
_d
597892